000 01001nas a22003011i#4500
001 1594
003 ES-MaACL
005 20250724062547.0
007 t|
008 950801d18541856sp w| | 1 ||pa d
080 _a(460)
080 _a07
080 _a008
245 0 3 _aEl Padre Cobos
_b: periódico de política, literatura y artes.
260 _aMadrid :
_bEl Padre Cobos,
_c1854-1856 (
_fImprenta de A. Vicente)
300 _av ;
_c38 cm.
310 _a6 n. al mes,
_b3 dic. 1854-30 jun. 1856
321 _aSemanal,
_b24 sept.-26 nov. 1854
362 0 _a1ª época, año I, nº 1 (24 sep. 1854)-año 1, nº 52 (1 jul. 1855) ; 2ª época, año 2, nº 1 (5 sep. 1855)-año 2, nº 60 (30 jun. 1856)
650 1 4 _aPeriódicos
_915941
650 7 _aCultura
_2embne
_9170963
852 _aES-MaACL
_jC-1397 ;
852 _aES-MaACL
_jR-2939
_dOlim:C1069
866 0 _o(1854 f.n2)(1855 f.n1)1856
866 0 _o1854-1856
942 _2udc
_cPERIODICO
999 _c1594
_d1594